The Expropriation of foreign - owned property in Mexico
Gorde:
| Egile nagusia: | |
|---|---|
| Formatua: | Liburua |
| Hizkuntza: | Undetermined |
| Argitaratua: |
Washington
American Council on Public Affairs
1941
|
| Gaiak: | |
| Etiketak: |
Etiketa erantsi
Etiketarik gabe, Izan zaitez lehena erregistro honi etiketa jartzen!
|
| Thư viện lưu trữ: | Trung tâm Học liệu Trường Đại học Cần Thơ |
|---|
| LEADER | 00551nam a2200193Ia 4500 | ||
|---|---|---|---|
| 001 | CTU_81802 | ||
| 008 | 210402s9999 xx 000 0 und d | ||
| 082 | |a 333.1 | ||
| 082 | |b G662 | ||
| 100 | |a Gordon, Wendell C. | ||
| 245 | 4 | |a The Expropriation of foreign - owned property in Mexico | |
| 245 | 0 | |c Wendell C. Gordon | |
| 260 | |a Washington | ||
| 260 | |b American Council on Public Affairs | ||
| 260 | |c 1941 | ||
| 650 | |a Eminent domain | ||
| 650 | |z Mexico | ||
| 904 | |i Trọng Hải | ||
| 980 | |a Trung tâm Học liệu Trường Đại học Cần Thơ | ||